| 000 | 00608nam a2200205Ii 4500 | ||
|---|---|---|---|
| 001 | 10992 | ||
| 003 | CO-ViMGA | ||
| 008 | 241108s9999||||xx |||||||||||||| ||und|| | ||
| 040 |
_aCO-ViMGA _bspa _erda _cCO-ViMGA |
||
| 041 | 0 | _aspa | |
| 082 | 0 | 4 | _a016 C755 |
| 110 | 1 | _aCorpes Orinoquia | |
| 245 | 1 | 0 | _aBibliografĂa sobre la industria petrolera colombiana |
| 264 | 1 | _aBogotá, Colombia : Impreandes-Presencia, 1998 | |
| 300 | _avolumen | ||
| 336 |
_atext _btxt _2rdacontent |
||
| 337 |
_aunmediated _bn _2rdamedia |
||
| 338 |
_avolume _bnc _2rdacarrier |
||
| 940 | _aidficha_siabuc: 10734. -- ficha_no_siabuc:10992 | ||
| 999 |
_c48324 _d48324 |
||